[Event "Novy Bor op"]
[Site "Novy Bor"]
[Date "2011.02.17"]
[Round "7"]
[White "Dalecky, Bretislav"]
[Black "Vyprachticky, David"]
[Result "1/2-1/2"]
[WhiteElo "2153"]
[BlackElo "1980"]
[PlyCount "110"]
[EventDate "2011.02.12"]
[EventType "swiss"]
[EventRounds "9"]
[EventCountry "CZE"]
[SourceTitle "CBM 140 Extra"]
[Source "ChessBase"]
[SourceDate "2011.03.01"]
[SourceVersion "1"]
[SourceVersionDate "2011.03.01"]
[SourceQuality "1"]

1. e4 e5 2. Nf3 Nc6 3. Bb5 a6 4. Ba4 Nf6 5. 0-0 b5 6. Bb3 Be7 7. Re1 0-0 8. c3 d6 9. h3 Nb8 10. d4 Nbd7 11. Nbd2 Bb7 12. Bc2 Re8 13. Nf1 Bf8 14. Ng3 g6 15. Bd2 h6 16. a4 c5 17. axb5 axb5 18. Rxa8 Qxa8 19. d5 c4 20. Nf1 Nc5 21. Qb1 Bg7 22. N3h2 Nfd7 23. g4 Kh7 24. Ng3 Rg8 25. Qd1 Qd8 26. Kg2 Rh8 27. Qe2 Kg8 28. Rh1 Bc8 29. Nhf1 Qe7 30. Be3 Bf6 31. Nd2 Bg5 32. Nf3 Bxe3 33. Qxe3 Nf6 34. Nd2 h5 35. g5 Nfd7 36. Ra1 Ba6 37. b4 cxb3 38. Nxb3 h4 39. Nf1 Rh5 40. Nfd2 Rxg5+ 41. Kh2 f5 42. exf5 gxf5 43. f4 Rg3 44. Rg1 Rxg1 45. Qxg1+ Qg7 46. Qf2 Bb7 47. Nxc5 Nxc5 48. c4 bxc4 49. Nxc4 Bxd5 50. Nxd6 Ne4 51. Nxe4 Bxe4 52. Bxe4 fxe4 53. Qxh4 exf4 54. Qd8+ Qf8 55. Qg5+ Kh7 1/2-1/2

[Event "Novy Bor op"]
[Site "Novy Bor"]
[Date "2011.02.12"]
[Round "1"]
[White "Ruzicka, Vaclav1111"]
[Black "Dalecky, Bretislav"]
[Result "0-1"]
[WhiteElo "1711"]
[BlackElo "2153"]
[PlyCount "118"]
[EventDate "2011.02.12"]
[EventType "swiss"]
[EventRounds "9"]
[EventCountry "CZE"]
[SourceTitle "CBM 140 Extra"]
[Source "ChessBase"]
[SourceDate "2011.03.01"]
[SourceVersion "1"]
[SourceVersionDate "2011.03.01"]
[SourceQuality "1"]

1. e4 e5 2. Nf3 Nc6 3. d4 exd4 4. Nxd4 Nf6 5. Nxc6 bxc6 6. Bg5 Be7 7. Bd3 0-0 8. 0-0 Re8 9. Nd2 d6 10. c4 h6 11. Bxf6 Bxf6 12. Qc2 Be6 13. Rab1 Qe7 14. h3 Rab8 15. b3 Bd4 16. Nf3 Bc5 17. Rbd1 Qf6 18. Qe2 g6 19. e5 Qe7 20. exd6 cxd6 21. Qd2 Kh7 22. Qc2 f5 23. Rfe1 Qf6 24. Re2 Bb4 25. Kh1 Bd7 26. Rxe8 Rxe8 27. Rg1 Kg7 28. a4 Kh8 29. Qc1 g5 30. Nh2 Qd4 31. Qc2 Qf4 32. Qb2+ Qe5 33. Qxe5+ dxe5 34. f3 e4 35. fxe4 fxe4 36. Be2 Kg7 37. Rd1 Bf5 38. Kg1 Bc5+ 39. Kf1 Rb8 40. g4 Be6 41. Rb1 Bg8 42. Ke1 a5 43. Nf1 Kf6 44. Kd1 Ke5 45. Kc2 Rd8 46. Rd1 Rxd1 47. Kxd1 Kf4 48. Kd2 Be6 49. Kc3 h5 50. gxh5 Bxh3 51. h6 Bf5 52. Kd2 g4 53. Bxg4 Bxg4 54. h7 Bd4 55. b4 axb4 56. a5 Bf5 57. h8Q Bxh8 58. Ne3 Bc3+ 59. Ke2 b3 0-1

[Event "CZE-chT2B 0910"]
[Site "Czech Republic"]
[Date "2009.11.22"]
[Round "3.7"]
[White "Dalecky, Bretislav"]
[Black "Machala, Vladislav"]
[Result "0-1"]
[WhiteElo "2159"]
[BlackElo "2072"]
[PlyCount "82"]
[EventDate "2009.10.18"]
[EventType "team-tourn"]
[EventRounds "11"]
[EventCountry "CZE"]
[SourceTitle "EXT 2012"]
[Source "ChessBase"]
[SourceDate "2011.11.24"]
[SourceVersion "1"]
[SourceVersionDate "2011.11.24"]
[SourceQuality "1"]
[WhiteTeam "Novoborsky III"]
[BlackTeam "Litvinov Lom"]
[WhiteTeamCountry "CZE"]
[BlackTeamCountry "CZE"]

1. e4 e5 2. Nf3 d6 3. d4 Nf6 4. Nc3 Nbd7 5. Be2 Be7 6. 0-0 0-0 7. Re1 c6 8. b3 Re8 9. Bb2 Qc7 10. a4 Nf8 11. Kh1 Ng6 12. dxe5 dxe5 13. Qc1 Bb4 14. Bd3 Qa5 15. Qd2 Nf4 16. Ng1 Be6 17. Nge2 Rad8 18. Nc1 Rd7 19. f3 Red8 20. Re3 Bc5 21. Re1 Bd4 22. Rb1 c5 23. g3 Nh3 24. Rf1 h6 25. Qe1 Ng5 26. h4 Nh3 27. Kg2 g5 28. N1e2 Kh8 29. Nxd4 exd4 30. Ne2 Qxe1 31. Rbxe1 gxh4 32. Rh1 Ng5 33. Rxh4 Kg7 34. f4 Ngxe4 35. Bc1 Bd5 36. Kh2 h5 37. Ng1 Re8 38. Bb5 Ng4+ 39. Rxg4+ hxg4 40. Bxd7 Rh8+ 41. Kg2 Nd2+ 0-1

[Event "Oberliga Ost-A 0708"]
[Site "Germany"]
[Date "2007.11.25"]
[Round "4.8"]
[White "Dalecky, Bretislav"]
[Black "Hentze, Markus"]
[Result "1/2-1/2"]
[WhiteElo "2165"]
[BlackElo "1932"]
[PlyCount "108"]
[EventDate "2007.09.23"]
[EventType "team-tourn"]
[EventRounds "11"]
[EventCountry "GER"]
[SourceTitle "EXT 2009"]
[Source "ChessBase"]
[SourceDate "2008.11.26"]
[SourceVersion "1"]
[SourceVersionDate "2008.11.26"]
[SourceQuality "1"]
[WhiteTeam "Ebersbach"]
[BlackTeam "Leipzig Gohlis II"]
[WhiteTeamCountry "GER"]
[BlackTeamCountry "GER"]

1. e4 e5 2. Nf3 Nc6 3. Bb5 a6 4. Ba4 Nf6 5. Qe2 b5 6. Bb3 Bc5 7. a4 Rb8 8. c3 0-0 9. d3 h6 10. axb5 axb5 11. 0-0 d6 12. h3 Re8 13. Be3 Bb6 14. Nbd2 Ne7 15. d4 exd4 16. cxd4 Ng6 17. Bc2 c6 18. Nh2 Nh7 19. f4 f5 20. e5 Ne7 21. Bb3+ Kh8 22. Ndf3 d5 23. Rac1 Nf8 24. Rc2 Ne6 25. Kh1 Bd7 26. Qd3 Rg8 27. g4 Qf8 28. Nh4 g6 29. Rg2 Qf7 30. Bc2 Ng7 31. Rfg1 Kh7 32. N2f3 Rbf8 33. Nd2 Ne8 34. Nf1 Be6 35. Qd1 Ng7 36. Ng3 Bd7 37. Qb1 Be6 38. Bd3 Bd7 39. Qc2 Be6 40. Nxg6 Nxg6 41. Qxc6 Rb8 42. gxf5 Nxf5 43. Nh5 Bd8 44. Qc2 Nfh4 45. Rg3 Be7 46. Nf6+ Bxf6 47. f5 Nxf5 48. Bxf5 Bg5 49. Bxg6+ Qxg6 50. Qxg6+ Rxg6 51. Bxg5 Rxg5 52. Rxg5 hxg5 53. Rxg5 Rc8 54. Kg2 Rc2+ 1/2-1/2

[Event "Mlada Boleslav ATMOS op"]
[Site "Mlada Boleslav"]
[Date "2007.08.04"]
[Round "8"]
[White "Dalecky, Bretislav"]
[Black "Jacek, Miloslav"]
[Result "1-0"]
[WhiteElo "2165"]
[BlackElo "2104"]
[PlyCount "75"]
[EventDate "2007.07.30"]
[EventType "swiss"]
[EventRounds "9"]
[EventCountry "CZE"]
[SourceTitle "EXT 2010"]
[Source "ChessBase"]
[SourceDate "2010.11.25"]
[SourceVersion "1"]
[SourceVersionDate "2010.11.25"]
[SourceQuality "1"]

1. e4 c5 2. Nf3 e6 3. d4 cxd4 4. Nxd4 Nc6 5. Nc3 a6 6. Be3 d6 7. Be2 Nf6 8. Qd2 Be7 9. 0-0 0-0 10. f3 Qc7 11. Rfd1 b6 12. Nxc6 Qxc6 13. Qd4 Nd7 14. f4 Bb7 15. Bf3 Rfd8 16. Rac1 Rac8 17. Rd2 Qc7 18. g4 e5 19. fxe5 dxe5 20. Qd3 Nc5 21. Qe2 Rxd2 22. Qxd2 Rd8 23. Nd5 Bxd5 24. exd5 Ne6 25. c4 Nd4 26. Be4 Qd7 27. Qg2 Bc5 28. Kh1 a5 29. Rf1 Qa4 30. Bg5 Re8 31. Qh3 f5 32. gxf5 Qd7 33. Qh4 Rf8 34. f6 gxf6 35. Bxf6 Rf7 36. Qh6 Ne2 37. Bf5 Rxf6 38. Qxf6 1-0

[Event "Mlada Boleslav ATMOS op"]
[Site "Mlada Boleslav"]
[Date "2007.07.31"]
[Round "3"]
[White "Dalecky, Bretislav"]
[Black "Reiter, Petr"]
[Result "1-0"]
[WhiteElo "2165"]
[BlackElo "1623"]
[PlyCount "59"]
[EventDate "2007.07.30"]
[EventType "swiss"]
[EventRounds "9"]
[EventCountry "CZE"]
[SourceTitle "EXT 2010"]
[Source "ChessBase"]
[SourceDate "2010.11.25"]
[SourceVersion "1"]
[SourceVersionDate "2010.11.25"]
[SourceQuality "1"]

1. e4 e5 2. f4 Bc5 3. Nf3 d6 4. d4 exd4 5. Nxd4 Nf6 6. Nc3 Nxe4 7. Nxe4 Qe7 8. Bb5+ c6 9. Qe2 cxb5 10. Nxb5 0-0 11. Nxc5 Qxe2+ 12. Kxe2 Bg4+ 13. Kf2 dxc5 14. Nc7 Nc6 15. Nxa8 Rxa8 16. c3 Re8 17. Be3 b6 18. Rhe1 f5 19. Kg3 Rd8 20. a3 Rd3 21. h3 Bh5 22. Kh4 Bf7 23. Rad1 c4 24. Kg5 Ne7 25. Rxd3 h6+ 26. Kh4 cxd3 27. Rd1 g5+ 28. Kg3 Bc4 29. fxg5 Nd5 30. Bc1 1-0

[Event "Rumburk op"]
[Site "Rumburk"]
[Date "2006.07.04"]
[Round "2"]
[White "Pekar, Frantisek"]
[Black "Dalecky, Bretislav"]
[Result "0-1"]
[WhiteElo "1947"]
[BlackElo "2128"]
[PlyCount "36"]
[EventDate "2006.07.03"]
[EventType "swiss"]
[EventRounds "9"]
[EventCountry "CZE"]
[SourceTitle "EXT 2008"]
[Source "ChessBase"]
[SourceDate "2007.11.25"]
[SourceVersion "1"]
[SourceVersionDate "2007.11.25"]
[SourceQuality "1"]

1. c4 Nf6 2. Nc3 c6 3. e3 d5 4. d4 e6 5. a3 Bd6 6. Nf3 Nbd7 7. Qc2 0-0 8. c5 Bc7 9. Bd3 e5 10. dxe5 Nxe5 11. Nxe5 Bxe5 12. 0-0 Re8 13. b4 d4 14. exd4 Qxd4 15. Bb2 Bxh2+ 16. Kxh2 Qh4+ 17. Kg1 Ng4 18. Bxh7+ Kh8 0-1

[Event "CZE-chT2b 0506"]
[Site "Czech Republic"]
[Date "2006.04.09"]
[Round "11"]
[White "Dalecky, Bretislav"]
[Black "Kansky, Pavel"]
[Result "1/2-1/2"]
[WhiteElo "2150"]
[BlackElo "2136"]
[PlyCount "35"]
[EventDate "2005.10.16"]
[EventType "team"]
[EventRounds "11"]
[EventCountry "CZE"]
[SourceTitle "EXT 2009"]
[Source "ChessBase"]
[SourceDate "2008.11.26"]
[SourceVersion "1"]
[SourceVersionDate "2008.11.26"]
[SourceQuality "1"]

1. e4 d5 2. exd5 Nf6 3. d4 Nxd5 4. c4 Nb6 5. Bf4 Bf5 6. Nf3 e6 7. Nc3 Bd6 8. Bxd6 cxd6 9. Bd3 Bxd3 10. Qxd3 0-0 11. 0-0 N8d7 12. Rac1 a6 13. Ne4 Nf6 14. Nxf6+ Qxf6 15. Rfe1 Nd7 16. b3 Rac8 17. Rc2 Rc7 18. Rce2 1/2-1/2

[Event "CZE-chT2b 0506"]
[Site "Czech Republic"]
[Date "2006.02.26"]
[Round "8"]
[White "Volek, Radomir"]
[Black "Dalecky, Bretislav"]
[Result "1-0"]
[WhiteElo "1985"]
[BlackElo "2150"]
[PlyCount "173"]
[EventDate "2005.10.16"]
[EventType "team"]
[EventRounds "11"]
[EventCountry "CZE"]
[SourceTitle "EXT 2009"]
[Source "ChessBase"]
[SourceDate "2008.11.26"]
[SourceVersion "1"]
[SourceVersionDate "2008.11.26"]
[SourceQuality "1"]

1. e4 e5 2. Nf3 Nc6 3. Bb5 a6 4. Ba4 Nf6 5. 0-0 Be7 6. Re1 b5 7. Bb3 d6 8. c3 0-0 9. h3 Na5 10. Bc2 c5 11. d4 Bb7 12. dxe5 dxe5 13. Qxd8 Raxd8 14. Nbd2 Nc6 15. Nf1 Rfe8 16. a4 b4 17. a5 Nh5 18. g3 g6 19. Ne3 Ng7 20. Nc4 Bf6 21. Be3 Ne6 22. Nb6 Ncd4 23. cxd4 exd4 24. Bc1 d3 25. Bb3 Nd4 26. Nxd4 Rxd4 27. Be3 Rdxe4 28. Rad1 Bxb2 29. Rxd3 Bd4 30. Bd5 Bxd5 31. Nxd5 R4e6 32. Rc1 Rd6 33. Nb6 Bxe3 34. Rxe3 Rxe3 35. fxe3 Rd3 36. Nc4 b3 37. Kf2 b2 38. Rb1 Rc3 39. Nd2 Ra3 40. Rxb2 Rxa5 41. Rc2 Kg7 42. Ne4 f5 43. Nxc5 Kf6 44. Nb3 Ra3 45. Nd4 Ra1 46. h4 a5 47. Rc7 h6 48. Rc6+ Kg7 49. h5 gxh5 50. Nxf5+ Kf8 51. Rxh6 a4 52. Rxh5 a3 53. Rh8+ Kf7 54. Ra8 a2 55. Nd4 Rh1 56. Nb3 Kf6 57. Ra5 Rb1 58. Rxa2 Rxb3 59. Kf3 Rb5 60. Kf4 Rb6 61. e4 Rc6 62. g4 Rc1 63. g5+ Kf7 64. Ra7+ Kg6 65. Ra6+ Kf7 66. Kf5 Rf1+ 67. Ke5 Rg1 68. g6+ Kg7 69. Rf6 Ra1 70. Rd6 Re1 71. Kd5 Rd1+ 72. Kc5 Rc1+ 73. Kd5 Rd1+ 74. Kc6 Re1 75. Re6 Rd1 76. e5 Rc1+ 77. Kd7 Re1 78. Re8 Ra1 79. Rc8 Rd1+ 80. Ke7 Re1 81. e6 Ra1 82. Ke8 Re1 83. e7 Re2 84. Kd7 Rd2+ 85. Kc6 Rc2+ 86. Kb7 Rb2+ 87. Ka6 1-0

[Event "CZE-chT2 0304"]
[Site "Czech Republic"]
[Date "2003.??.??"]
[Round "?"]
[White "Dalecky, Bretislav"]
[Black "Herskovic, Radek"]
[Result "1/2-1/2"]
[WhiteElo "2135"]
[BlackElo "2140"]
[PlyCount "22"]
[EventDate "2003.10.??"]
[EventType "team"]
[EventRounds "11"]
[EventCountry "CZE"]
[SourceTitle "EXT 2007"]
[Source "ChessBase"]
[SourceDate "2006.11.23"]
[SourceVersion "1"]
[SourceVersionDate "2006.11.23"]
[SourceQuality "1"]

1. e4 Nf6 2. e5 Nd5 3. d4 d6 4. c4 Nb6 5. exd6 cxd6 6. f4 g6 7. Nc3 Bg7 8. Be3 0-0 9. Be2 Nc6 10. Nf3 Bg4 11. 0-0 Rc8 1/2-1/2